[Event "Barcelona Sant Marti op-B 21st"]
[Site "Barcelona"]
[Date "2019.07.16"]
[Round "4"]
[White "Sanchez Paz, Josep"]
[Black "Garcia Raschke, Hernan"]
[Result "1-0"]
[WhiteElo "1698"]
[BlackElo "1142"]
[PlyCount "45"]
[EventDate "2019.07.13"]
[EventType "swiss"]
[EventRounds "9"]
[EventCountry "ESP"]
[SourceTitle "EXT 2020"]
[Source "ChessBase"]
[SourceDate "2019.10.17"]
[SourceVersion "1"]
[SourceVersionDate "2019.10.17"]
[SourceQuality "1"]

1. d4 d5 2. c4 dxc4 3. e3 Nf6 4. Bxc4 Bf5 5. Nc3 Nc6 6. Nf3 e6 7. a3 Ne4 8. 0-0 Bd6 9. Re1 0-0 10. Nxe4 Bxe4 11. Nd2 Bxh2+ 12. Kxh2 Qh4+ 13. Kg1 Bf5 14. g3 Qh3 15. Bf1 Qh6 16. e4 Bh3 17. Nc4 f5 18. Bxh6 gxh6 19. Bxh3 fxe4 20. Bxe6+ Kh8 21. d5 Nd8 22. Qd4+ Rf6 23. Qxf6# 1-0

[Event "Barcelona Sant Marti op-B 19th"]
[Site "Barcelona"]
[Date "2017.07.21"]
[Round "9"]
[White "David, Dorian Ciprian"]
[Black "Sanchez Paz, Josep"]
[Result "1-0"]
[WhiteElo "1768"]
[BlackElo "1657"]
[PlyCount "55"]
[EventDate "2017.07.13"]
[EventType "swiss"]
[EventRounds "9"]
[EventCountry "ESP"]
[SourceTitle "EXT 2018"]
[Source "ChessBase"]
[SourceDate "2017.10.13"]
[SourceVersion "1"]
[SourceVersionDate "2017.10.13"]
[SourceQuality "1"]

1. b4 Nf6 2. Bb2 g6 3. e3 Bg7 4. c4 0-0 5. Nf3 d6 6. h3 b6 7. d3 Bb7 8. Nc3 e5 9. e4 Nc6 10. a3 Ne7 11. Be2 Re8 12. g4 c6 13. g5 Nh5 14. b5 Nf4 15. Bc1 Ng2+ 16. Kf1 Nf4 17. Bxf4 exf4 18. Rc1 c5 19. Qd2 Be5 20. Bd1 Qc7 21. Ne2 d5 22. cxd5 Nxd5 23. exd5 Bxd5 24. Kg2 Rad8 25. Nc3 Bb7 26. Re1 Qe7 27. Ne4 Bc7 28. Nf6+ 1-0

[Event "Barcelona Sant Marti op-B 19th"]
[Site "Barcelona"]
[Date "2017.07.16"]
[Round "4"]
[White "Sanchez Paz, Josep"]
[Black "Cano Sevila, Ivan"]
[Result "1/2-1/2"]
[WhiteElo "1657"]
[BlackElo "1904"]
[PlyCount "34"]
[EventDate "2017.07.13"]
[EventType "swiss"]
[EventRounds "9"]
[EventCountry "ESP"]
[SourceTitle "EXT 2018"]
[Source "ChessBase"]
[SourceDate "2017.10.13"]
[SourceVersion "1"]
[SourceVersionDate "2017.10.13"]
[SourceQuality "1"]

1. e4 c5 2. Nf3 g6 3. d4 cxd4 4. Nxd4 Bg7 5. c4 Nc6 6. Be3 Nf6 7. Nc3 d6 8. Be2 0-0 9. 0-0 Bd7 10. Rc1 Nxd4 11. Bxd4 Bc6 12. Bf3 Nd7 13. Bxg7 Kxg7 14. Be2 Kg8 15. Kh1 Qb6 16. Qd2 Kg7 17. f4 a5 1/2-1/2

[Event "Barcelona Sant Marti op-B 16th"]
[Site "Barcelona"]
[Date "2014.07.20"]
[Round "8"]
[White "Sanchez Paz, Josep"]
[Black "Baum, Jonasz"]
[Result "1-0"]
[WhiteElo "1882"]
[BlackElo "1632"]
[PlyCount "45"]
[EventDate "2014.07.13"]
[EventType "swiss"]
[EventRounds "9"]
[EventCountry "ESP"]
[SourceTitle "CBM 161 Extra"]
[Source "ChessBase"]
[SourceDate "2014.08.29"]
[SourceVersion "1"]
[SourceVersionDate "2014.08.29"]
[SourceQuality "1"]

1. d4 Nf6 2. c4 e5 3. dxe5 Ng4 4. a3 Nxe5 5. e4 a5 6. f4 Nec6 7. Nf3 Bc5 8. Nc3 0-0 9. Bd3 Re8 10. Nd5 d6 11. e5 dxe5 12. Bxh7+ Kh8 13. f5 e4 14. Ng5 g6 15. Nxf7+ Kxh7 16. fxg6+ Kxg6 17. Nxd8 Rxd8 18. Rf1 Kg7 19. Qh5 Be6 20. Qh6+ Kg8 21. Qxe6+ Kg7 22. Rf7+ Kg8 23. Qg6+ 1-0

[Event "Barcelona Sant Marti op-B 16th"]
[Site "Barcelona"]
[Date "2014.07.17"]
[Round "5"]
[White "Riera Danes, Manel"]
[Black "Sanchez Paz, Josep"]
[Result "1/2-1/2"]
[WhiteElo "2048"]
[BlackElo "1882"]
[PlyCount "110"]
[EventDate "2014.07.13"]
[EventType "swiss"]
[EventRounds "9"]
[EventCountry "ESP"]
[SourceTitle "CBM 161 Extra"]
[Source "ChessBase"]
[SourceDate "2014.08.29"]
[SourceVersion "1"]
[SourceVersionDate "2014.08.29"]
[SourceQuality "1"]

1. e4 c5 2. Nf3 Nc6 3. d4 cxd4 4. Nxd4 Nf6 5. Nc3 e5 6. Ndb5 d6 7. Bg5 a6 8. Na3 b5 9. Bxf6 gxf6 10. Nd5 f5 11. Bd3 Be6 12. c3 Rg8 13. g3 f4 14. Nc2 Bg4 15. Be2 Be6 16. Qd3 Bh6 17. Ncb4 Nxb4 18. Nxb4 Bc4 19. Qd1 Bxe2 20. Qxe2 Rg6 21. Nxa6 Qb6 22. Nb4 Kf8 23. Rd1 Qb7 24. Rd5 f5 25. exf5 Rxa2 26. 0-0 Rg5 27. Rxb5 Rxb2 28. Qc4 Qf7 29. Qc6 Kg8 30. Qxd6 Bf8 31. Qxe5 fxg3 32. hxg3 h5 33. Qe4 Rg4 34. Qf3 Bxb4 35. Rxb4 Rbxb4 36. cxb4 Rxb4 37. Rd1 h4 38. Qd5 hxg3 39. Qxf7+ Kxf7 40. fxg3 Rb2 41. Rf1 Kf6 42. Rf3 Rb5 43. g4 Rb4 44. Rg3 Rf4 45. Kg2 Kg5 46. Kh3 Rf1 47. Kg2 Rf4 48. Kg1 Kh4 49. Kh2 Kg5 50. Rg2 Rf1 51. Kg3 Rf4 52. Rf2 Rxg4+ 53. Kh3 Rh4+ 54. Kg2 Rg4+ 55. Kf1 Kf6 1/2-1/2

[Event "Barcelona Sant Marti op-B 15th"]
[Site "Barcelona"]
[Date "2013.07.13"]
[Round "1"]
[White "Walter Travella, German"]
[Black "Sanchez Paz, Josep"]
[Result "1-0"]
[WhiteElo "1973"]
[BlackElo "1710"]
[PlyCount "63"]
[EventDate "2013.07.13"]
[EventType "swiss"]
[EventRounds "9"]
[EventCountry "ESP"]
[SourceTitle "CBM 155 Extra"]
[Source "ChessBase"]
[SourceDate "2013.08.26"]
[SourceVersion "1"]
[SourceVersionDate "2013.08.26"]
[SourceQuality "1"]

1. c4 Nf6 2. Nc3 e6 3. Nf3 c5 4. Qa4 Nc6 5. e3 Be7 6. d4 cxd4 7. exd4 0-0 8. d5 exd5 9. cxd5 Nb8 10. Bf4 d6 11. Be2 Nbd7 12. 0-0 Nc5 13. Qc2 Bg4 14. b4 Ncd7 15. h3 Bh5 16. g4 Bg6 17. Bd3 Rc8 18. Bxg6 Nxd5 19. Bxh7+ Kh8 20. Nxd5 Rxc2 21. Bxc2 Nf6 22. Nxe7 Qxe7 23. Rfe1 Qc7 24. Bb3 Qb6 25. Rad1 d5 26. Bxd5 Qxb4 27. Rd4 Qb6 28. Bb3 Rd8 29. Rxd8+ Qxd8 30. Bxf7 Qd3 31. Ne5 Qxh3 32. Re3 1-0